[Event "Quebec op"]
[Site "Montreal"]
[Date "2023.08.02"]
[Round "6"]
[White "Pomerantz, Daniel"]
[Black "Duong, Thanh Binh"]
[Result "0-1"]
[WhiteElo "1979"]
[BlackElo "2116"]
[PlyCount "88"]
[EventDate "2023.07.29"]
[EventType "swiss"]
[EventRounds "9"]
[EventCountry "CAN"]
[SourceTitle "CBM 215 Extra"]
[Source "ChessBase"]
[SourceDate "2023.09.30"]
[SourceVersion "1"]
[SourceVersionDate "2023.09.30"]
[SourceQuality "1"]

1. e4 c5 2. Nf3 g6 3. c3 d5 4. exd5 Qxd5 5. d4 Bg7 6. dxc5 Qxc5 7. Be3 Qc7 8. Nd4 a6 9. Be2 Nf6 10. 0-0 e5 11. Nb3 0-0 12. N1d2 Rd8 13. Qe1 Be6 14. Bg5 h6 15. Bxf6 Bxf6 16. Bf3 Bg7 17. Ne4 Nd7 18. Qe3 Bxb3 19. axb3 f5 20. Nd2 e4 21. Be2 Nc5 22. f4 Kh7 23. Kh1 Rd7 24. Rfd1 Nd3 25. Nc4 Rad8 26. g3 b5 27. Ne5 Nxe5 28. fxe5 Rxd1+ 29. Rxd1 Rxd1+ 30. Bxd1 Qxe5 31. Qd2 g5 32. b4 Kg6 33. Bb3 e3 34. Qe2 h5 35. Kg1 h4 36. gxh4 g4 37. Bd1 Bf6 38. Qg2 Bxh4 39. Qc6+ Kg5 40. Qb7 e2 41. Bxe2 Qxe2 42. Qg7+ Kf4 43. Qh6+ Kf3 44. Qc6+ Qe4 0-1

[Event "Quebec op"]
[Site "Montreal"]
[Date "2023.07.31"]
[Round "4"]
[White "Pomerantz, Daniel"]
[Black "Dukic, Zachary"]
[Result "0-1"]
[WhiteElo "1979"]
[BlackElo "2196"]
[PlyCount "106"]
[EventDate "2023.07.29"]
[EventType "swiss"]
[EventRounds "9"]
[EventCountry "CAN"]
[SourceTitle "CBM 215 Extra"]
[Source "ChessBase"]
[SourceDate "2023.09.30"]
[SourceVersion "1"]
[SourceVersionDate "2023.09.30"]
[SourceQuality "1"]

1. e4 c5 2. Nf3 Nc6 3. Bb5 g6 4. 0-0 Bg7 5. Re1 e5 6. Bxc6 dxc6 7. d3 Qe7 8. a3 Nf6 9. b4 0-0 10. bxc5 Qxc5 11. a4 Rd8 12. Ba3 Qa5 13. h3 h6 14. Nbd2 Be6 15. Qb1 Qc7 16. a5 Nh5 17. Bc5 Kh7 18. Qb4 Nf4 19. Reb1 Rd7 20. Nc4 Qd8 21. Kh2 Qh8 22. Qc3 Ne2 23. Qe1 Nd4 24. Nxd4 exd4 25. f4 Bxc4 26. dxc4 d3 27. e5 d2 28. Qe2 Re8 29. Rd1 Rxe5 30. fxe5 Bxe5+ 31. Kh1 Bxa1 32. Rxd2 Rxd2 33. Qxd2 Qc3 34. Qf2 Qxc4 35. Bxa7 Bc3 36. Bb6 Qd5 37. Qf4 Be5 38. Qf1 Kg8 39. c4 Qe4 40. Bg1 Kg7 41. Qc1 h5 42. Qf1 Bc3 43. Kh2 Qe5+ 44. Kh1 Qxa5 45. Qb1 Qa1 46. Qb6 Qf1 47. Qc5 b6 48. Qxb6 Qxc4 49. Be3 Qf1+ 50. Bg1 Kh7 51. Qc5 Qf6 52. Qe3 Be5 53. Bf2 Qf4 0-1

[Event "Montreal op"]
[Site "Montreal"]
[Date "2019.09.08"]
[Round "5"]
[White "Yu, Zong Yang"]
[Black "Pomerantz, Daniel"]
[Result "1-0"]
[WhiteElo "2394"]
[BlackElo "1952"]
[PlyCount "79"]
[EventDate "2019.09.06"]
[EventType "swiss"]
[EventRounds "5"]
[EventCountry "CAN"]
[SourceTitle "EXT 2020"]
[Source "ChessBase"]
[SourceDate "2019.10.17"]
[SourceVersion "1"]
[SourceVersionDate "2019.10.17"]
[SourceQuality "1"]

1. Nf3 Nf6 2. c4 e6 3. g3 c5 4. Bg2 Nc6 5. 0-0 Be7 6. d4 cxd4 7. Nxd4 0-0 8. Nc3 a6 9. Bf4 d5 10. cxd5 exd5 11. Rc1 Qb6 12. e3 Qxb2 13. Nxd5 Nxd5 14. Bxd5 Nxd4 15. exd4 Bf6 16. Rc7 Bh3 17. Rxb7 Qxd4 18. Rxf7 Rxf7 19. Qh5 Qxd5 20. Qxd5 Rd8 21. Qc4 Bxf1 22. Kxf1 Bd4 23. Qxa6 Rdf8 24. h4 g6 25. Kg2 Kg7 26. a4 h5 27. a5 Rd7 28. Qc6 Rff7 29. a6 Kh7 30. f3 Rfe7 31. Kh3 Rf7 32. Bd6 Kg7 33. f4 Kh7 34. Bb8 Ba7 35. Be5 Bd4 36. f5 gxf5 37. Bf4 Bf6 38. Be3 Rd8 39. a7 Rff8 40. Bc5 1-0

[Event "Montreal op"]
[Site "Montreal"]
[Date "2019.09.07"]
[Round "2"]
[White "Pomerantz, Daniel"]
[Black "Dukic, Zachary"]
[Result "0-1"]
[WhiteElo "1952"]
[BlackElo "2224"]
[PlyCount "110"]
[EventDate "2019.09.06"]
[EventType "swiss"]
[EventRounds "5"]
[EventCountry "CAN"]
[SourceTitle "EXT 2020"]
[Source "ChessBase"]
[SourceDate "2019.10.17"]
[SourceVersion "1"]
[SourceVersionDate "2019.10.17"]
[SourceQuality "1"]

1. e4 e5 2. Nf3 Nc6 3. Bb5 a6 4. Ba4 Nf6 5. 0-0 Be7 6. Re1 b5 7. Bb3 0-0 8. h3 Bb7 9. d3 d5 10. exd5 Nxd5 11. Nxe5 Nxe5 12. Rxe5 Qd6 13. Re1 Rae8 14. Nd2 c5 15. Ne4 Qc6 16. c4 Nb6 17. f3 Bh4 18. Re3 Qc7 19. Qe2 Re7 20. Bd2 Rfe8 21. Rd1 bxc4 22. dxc4 Bxe4 23. Rxe4 Rxe4 24. fxe4 Bf6 25. Be1 g6 26. Bf2 a5 27. Rf1 a4 28. Bd1 Qc6 29. b3 axb3 30. axb3 Kg7 31. Bc2 Re7 32. Bg3 Bd4+ 33. Kh2 Nd7 34. Qd2 Qb6 35. Qg5 f6 36. Qd5 Nf8 37. Qd6 Qxd6 38. Bxd6 Be5+ 39. Bxe5 fxe5 40. Rd1 Ne6 41. Rd5 Kf6 42. Kg3 Ra7 43. Bd1 h5 44. Kf2 Ra2+ 45. Kg3 Nf4 46. Rxc5 Rxg2+ 47. Kf3 Rd2 48. b4 Rxd1 49. b5 Rd3+ 50. Kf2 Rb3 51. Rc6+ Kg5 52. b6 Nd3+ 53. Ke2 Kf4 54. Rxg6 Kxe4 55. Rg5 Rxb6 0-1

[Event "Montreal CC-ch"]
[Site "Montreal"]
[Date "2019.06.09"]
[Round "4"]
[White "Pomerantz, Daniel"]
[Black "Kozlov, Guennadi"]
[Result "1-0"]
[WhiteElo "1962"]
[BlackElo "1297"]
[PlyCount "131"]
[EventDate "2019.06.07"]
[EventType "swiss"]
[EventRounds "5"]
[EventCountry "CAN"]
[SourceTitle "EXT 2020"]
[Source "ChessBase"]
[SourceDate "2019.10.17"]
[SourceVersion "1"]
[SourceVersionDate "2019.10.17"]
[SourceQuality "1"]

1. e4 e6 2. d4 d5 3. Nd2 dxe4 4. Nxe4 Nd7 5. Nf3 Ndf6 6. Bd3 Nxe4 7. Bxe4 Nf6 8. Bd3 c5 9. 0-0 cxd4 10. Nxd4 Be7 11. c3 0-0 12. Qe2 a6 13. Bf4 Bd6 14. Bg5 Be7 15. Rfe1 Nd5 16. Bd2 Re8 17. Rad1 Bd7 18. Qe4 g6 19. Nf3 Bc6 20. Ne5 Nb4 21. Nxc6 Nxc6 22. Be3 Qc7 23. h4 Bf6 24. h5 Qe5 25. hxg6 hxg6 26. Qg4 Qh5 27. Qxh5 gxh5 28. Be2 h4 29. Rd7 Re7 30. Red1 Ne5 31. Rxe7 Bxe7 32. f4 Ng6 33. Rd7 b5 34. Kf2 b4 35. c4 a5 36. Bd3 Bf6 37. Be4 Rc8 38. b3 a4 39. Kf3 axb3 40. axb3 Kg7 41. Rb7 Bc3 42. Bb6 Bd2 43. Be3 Bc3 44. c5 Kf6 45. Kg4 Ne7 46. Bf2 Nc6 47. Bxh4+ Kg7 48. Bxc6 Rxc6 49. Bf2 Kg6 50. Rb6 Rc7 51. c6 f5+ 52. Kf3 Bf6 53. Bc5 Rc8 54. Bd6 Bd8 55. c7 Bxc7 56. Rc6 Rd8 57. Bxc7 Rd3+ 58. Kf2 Rxb3 59. Rxe6+ Kf7 60. Rb6 Rb2+ 61. Kg3 b3 62. Be5 Rb1 63. Kh4 Rg1 64. g3 Rh1+ 65. Kg5 Rg1 66. Rxb3 1-0

[Event "Montreal Mercredi 04"]
[Site "Montreal"]
[Date "2019.04.24"]
[Round "4"]
[White "Pomerantz, Daniel"]
[Black "Zheng, Richard"]
[Result "1/2-1/2"]
[WhiteElo "2175"]
[BlackElo "2150"]
[PlyCount "74"]
[EventDate "2019.04.03"]
[EventType "swiss"]
[EventRounds "5"]
[EventCountry "CAN"]
[SourceTitle "EXT 2022"]
[Source "ChessBase"]
[SourceDate "2021.10.06"]
[SourceVersion "1"]
[SourceVersionDate "2021.10.06"]
[SourceQuality "1"]

1. e4 c6 2. d4 d5 3. e5 c5 4. dxc5 e6 5. Be3 Nh6 6. c3 Nf5 7. Bd4 Bd7 8. Nf3 Nc6 9. Bd3 Nfxd4 10. cxd4 b6 11. 0-0 bxc5 12. dxc5 Bxc5 13. Nc3 0-0 14. Rc1 Bb6 15. a3 f6 16. exf6 Qxf6 17. Na4 Ne5 18. Nxb6 Nxf3+ 19. Qxf3 Qxf3 20. gxf3 axb6 21. Rc7 Be8 22. Be2 Bh5 23. Rfc1 e5 24. Bd1 Rad8 25. Re7 Rfe8 26. Rb7 Rc8 27. Rxc8 Rxc8 28. Kg2 Rc6 29. Rd7 d4 30. Bb3+ Kf8 31. f4 e4 32. Rxd4 Bf3+ 33. Kg3 Rg6+ 34. Kh3 Rh6+ 35. Kg3 Rg6+ 36. Kh3 Rh6+ 37. Kg3 Rg6+ 1/2-1/2

[Event "Montreal Mercredi 04"]
[Site "Montreal"]
[Date "2018.04.25"]
[Round "4"]
[White "Pomerantz, Daniel"]
[Black "Barko, Maxim"]
[Result "1-0"]
[WhiteElo "2024"]
[BlackElo "1949"]
[PlyCount "121"]
[EventDate "2018.04.04"]
[EventType "swiss"]
[EventRounds "5"]
[EventCountry "CAN"]
[SourceTitle "EXT 2022"]
[Source "ChessBase"]
[SourceDate "2021.10.06"]
[SourceVersion "1"]
[SourceVersionDate "2021.10.06"]
[SourceQuality "1"]

1. e4 e6 2. d4 d5 3. Nd2 Nf6 4. e5 Nfd7 5. Bd3 c5 6. c3 Nc6 7. Ne2 cxd4 8. cxd4 f6 9. exf6 Nxf6 10. 0-0 Bd6 11. Nf3 Qc7 12. Bg5 0-0 13. Bh4 Nh5 14. Qc2 g6 15. Bxg6 Nf4 16. Nxf4 Rxf4 17. Bg3 hxg6 18. Bxf4 Bxf4 19. Qxg6+ Qg7 20. Qe8+ Qf8 21. Qh5 Qg7 22. Rad1 Bd7 23. Qh4 Rf8 24. Rfe1 Bc7 25. Qg5 Rf4 26. Qxg7+ Kxg7 27. Re3 Bb6 28. g3 Re4 29. Rxe4 dxe4 30. Ng5 Nxd4 31. Nxe4 Bc6 32. Ng5 Kg6 33. h4 Ne2+ 34. Kf1 Bb5 35. Kg2 Bc6+ 36. f3 Bd5 37. Rd2 Nd4 38. b3 Nf5 39. Ne4 Ne3+ 40. Kh3 Bc7 41. Rd3 Nf5 42. g4 Ne7 43. h5+ Kg7 44. Kh4 Bd8 45. g5 Nf5+ 46. Kg4 Bb6 47. Rc3 Bc6 48. b4 Ne3+ 49. Kh4 Bd4 50. Rc1 a6 51. a4 Nf5+ 52. Kh3 Be5 53. Nc5 Bxf3 54. Nxe6+ Kf7 55. Rf1 Be4 56. Nc5 Bc2 57. Kg4 Ke7 58. Rxf5 Bxf5+ 59. Kxf5 Bc3 60. Nd3 Kf7 61. h6 1-0

[Event "Montreal Mercredi 02"]
[Site "Montreal"]
[Date "2018.03.07"]
[Round "3"]
[White "Pomerantz, Daniel"]
[Black "Have, Didier"]
[Result "1/2-1/2"]
[WhiteElo "2029"]
[BlackElo "2053"]
[PlyCount "77"]
[EventDate "2018.02.21"]
[EventType "swiss"]
[EventRounds "5"]
[EventCountry "CAN"]
[SourceTitle "EXT 2022"]
[Source "ChessBase"]
[SourceDate "2021.10.06"]
[SourceVersion "1"]
[SourceVersionDate "2021.10.06"]
[SourceQuality "1"]

1. e4 d6 2. d4 Nf6 3. Nc3 Nbd7 4. Nf3 e5 5. Bc4 Be7 6. 0-0 c6 7. a4 h6 8. Re1 Qc7 9. h3 g5 10. Be3 g4 11. hxg4 Nxg4 12. Bb3 Ndf6 13. Qd2 Nxe3 14. Qxe3 Ng4 15. Qd2 Rg8 16. Rad1 h5 17. Ne2 h4 18. Qc3 Bd7 19. Nc1 0-0-0 20. dxe5 Nxe5 21. Nxe5 dxe5 22. Bxf7 Rg7 23. Qb3 h3 24. g3 Kb8 25. Be6 Bc5 26. Bxd7 Rdxd7 27. Rxd7 Qxd7 28. Qd3 Qe7 29. Rd1 Bb6 30. Kh2 Qf7 31. Qd6+ Bc7 32. Qc5 Qf3 33. Rg1 Rf7 34. Nd3 Bb6 35. Qxe5+ Kc8 36. Qe6+ Kb8 37. Qe5+ Kc8 38. Qe6+ Kb8 39. Qe5+ 1/2-1/2

[Event "Montreal Mercredi 01"]
[Site "Montreal"]
[Date "2018.02.07"]
[Round "5"]
[White "Pomerantz, Daniel"]
[Black "Zheng, Richard"]
[Result "1/2-1/2"]
[WhiteElo "2051"]
[BlackElo "2094"]
[PlyCount "99"]
[EventDate "2018.01.10"]
[EventType "swiss"]
[EventRounds "5"]
[EventCountry "CAN"]
[SourceTitle "EXT 2022"]
[Source "ChessBase"]
[SourceDate "2021.10.06"]
[SourceVersion "1"]
[SourceVersionDate "2021.10.06"]
[SourceQuality "1"]

1. e4 e5 2. Nf3 Nc6 3. Bb5 f5 4. Nc3 fxe4 5. Nxe4 Nf6 6. Qe2 Qe7 7. 0-0 d5 8. Nxf6+ gxf6 9. d4 e4 10. Nh4 Be6 11. g3 Bg7 12. c3 0-0 13. Bf4 Nd8 14. Rfe1 c6 15. Ba4 f5 16. Qd2 Bd7 17. Ng2 Ne6 18. Be3 Bf6 19. Nf4 Rac8 20. Bd1 Kh8 21. Kg2 Rg8 22. Nxe6 Bxe6 23. Bf4 Bf7 24. Rc1 Bg5 25. Bxg5 Qxg5 26. Qxg5 Rxg5 27. f4 Rgg8 28. Kf2 Kg7 29. Be2 Kf6 30. Rg1 Be6 31. h3 Rc7 32. g4 Rcg7 33. g5+ Kg6 34. h4 h6 35. Ke3 Kf7 36. Rh1 Ke7 37. Rcg1 Bf7 38. Rg3 h5 39. Rgg1 b6 40. b4 Ra8 41. Rb1 Rgg8 42. Rhg1 a6 43. Rb3 b5 44. Ra3 Bg6 45. Ra5 Kd6 46. Ra1 Kc7 47. a4 Kb7 48. axb5 axb5 49. Kd2 Rgf8 50. Rxa8 1/2-1/2

[Event "Montreal Young Stars 2"]
[Site "Montreal"]
[Date "2017.12.17"]
[Round "8.1"]
[White "Pomerantz, Daniel"]
[Black "Tomb, Maroun"]
[Result "1/2-1/2"]
[WhiteElo "1905"]
[BlackElo "2177"]
[PlyCount "63"]
[EventDate "2017.12.09"]
[EventType "swiss"]
[EventRounds "8"]
[EventCountry "CAN"]
[SourceTitle "EXT 2022"]
[Source "ChessBase"]
[SourceDate "2021.10.06"]
[SourceVersion "1"]
[SourceVersionDate "2021.10.06"]
[SourceQuality "1"]

1. e4 d6 2. d4 Nf6 3. Nc3 e5 4. Nf3 Nbd7 5. Bc4 Be7 6. Be3 c6 7. Bb3 0-0 8. Qd2 b5 9. a3 Bb7 10. Bg5 Qc7 11. 0-0 a5 12. Rfe1 Rfe8 13. dxe5 dxe5 14. Rad1 Rad8 15. Qe2 Nc5 16. Bxf6 Bxf6 17. Ba2 Bc8 18. Rxd8 Rxd8 19. Rd1 Bg4 20. h3 Bxf3 21. Qxf3 b4 22. axb4 axb4 23. Rxd8+ Qxd8 24. Nd1 Qd2 25. Ne3 Qc1+ 26. Kh2 b3 27. Bxb3 Nxb3 28. cxb3 Qxb2 29. Qf5 h5 30. Qc8+ Kh7 31. Qf5+ Kg8 32. Qc8+ 1/2-1/2

[Event "Montreal Young Stars 2"]
[Site "Montreal"]
[Date "2017.12.16"]
[Round "5.4"]
[White "Pomerantz, Daniel"]
[Black "Joanis, Marc Andre"]
[Result "1/2-1/2"]
[WhiteElo "1905"]
[BlackElo "1797"]
[PlyCount "84"]
[EventDate "2017.12.09"]
[EventType "swiss"]
[EventRounds "8"]
[EventCountry "CAN"]
[SourceTitle "EXT 2022"]
[Source "ChessBase"]
[SourceDate "2021.10.06"]
[SourceVersion "1"]
[SourceVersionDate "2021.10.06"]
[SourceQuality "1"]

1. e4 Nf6 2. e5 Nd5 3. d4 d6 4. Bc4 c6 5. Nf3 Bg4 6. 0-0 dxe5 7. dxe5 e6 8. h3 Bxf3 9. Qxf3 Nd7 10. Qg3 Qc7 11. Re1 0-0-0 12. Bf1 Rg8 13. c4 Ne7 14. Nc3 Nf5 15. Qf4 g5 16. Qe4 Bb4 17. Be3 Bxc3 18. bxc3 Nxe3 19. Qxe3 Qb6 20. Qf3 Rdf8 21. a4 Qc5 22. Qe4 f5 23. exf6 Rxf6 24. Qd4 Rgf8 25. f3 Rf4 26. Re4 Rxe4 27. fxe4 e5 28. Qxc5 Nxc5 29. a5 a6 30. Re1 Rf4 31. Be2 Rxe4 32. Bg4+ Kc7 33. Rxe4 Nxe4 34. Bf5 Nf6 35. c5 h6 36. Kf2 Nd5 37. c4 Nf6 38. Ke3 h5 39. g4 h4 40. Kf3 Kd8 41. Ke3 Kc7 42. Kf3 Kd8 1/2-1/2

[Event "Montreal Mercredi 11"]
[Site "Montreal"]
[Date "2017.11.29"]
[Round "3"]
[White "Lebeau, Gilbert"]
[Black "Pomerantz, Daniel"]
[Result "0-1"]
[WhiteElo "1986"]
[BlackElo "2053"]
[PlyCount "138"]
[EventDate "2017.11.15"]
[EventType "swiss"]
[EventRounds "5"]
[EventCountry "CAN"]
[SourceTitle "EXT 2022"]
[Source "ChessBase"]
[SourceDate "2021.10.06"]
[SourceVersion "1"]
[SourceVersionDate "2021.10.06"]
[SourceQuality "1"]

1. d4 Nf6 2. Nf3 e6 3. Bf4 c5 4. c3 b6 5. e3 Bb7 6. Bd3 Be7 7. h3 d6 8. 0-0 0-0 9. Qe2 Re8 10. e4 Nbd7 11. Nbd2 Qc7 12. e5 Nd5 13. Bg3 cxd4 14. cxd4 Rac8 15. a3 dxe5 16. dxe5 Nf8 17. Nc4 Qd7 18. Rfd1 Ba6 19. Rac1 Ng6 20. Qd2 Bxc4 21. Rxc4 Rxc4 22. Bxc4 Qa4 23. Bxd5 exd5 24. Qc1 Qd7 25. Qd2 Rd8 26. Nd4 Bc5 27. Kh2 h6 28. Qd3 Bxd4 29. Qxd4 Qe6 30. f4 Ne7 31. Bf2 h5 32. Qd3 Nf5 33. g4 hxg4 34. hxg4 Nh6 35. g5 Nf5 36. Kg2 d4 37. Kf3 g6 38. Rc1 Qd5+ 39. Ke2 Kg7 40. Rc4 b5 41. Rc7 a6 42. b3 Rh8 43. Qf3 Qxf3+ 44. Kxf3 Rh3+ 45. Kg2 Rc3 46. Rd7 Kf8 47. a4 Rxb3 48. axb5 axb5 49. Bxd4 Nxd4 50. Rxd4 Ke7 51. Kf2 Rb1 52. Ke2 Rc1 53. Kd2 Rc4 54. Rd5 Rxf4 55. Rxb5 Rf5 56. Ke3 Rxg5 57. Kf4 Rf5+ 58. Ke4 Rf1 59. Rb7+ Kf8 60. Rb2 Kg7 61. Rg2 Kh6 62. Rh2+ Kg5 63. Rg2+ Kh4 64. Rh2+ Kg3 65. Rh7 g5 66. Ke3 g4 67. Ke2 Rf5 68. Rh8 Rxe5+ 69. Kf1 f5 0-1